[Event "MSRCH16"]
[Site "?"]
[Date "2026.04.10"]
[Round "1.11"]
[White "Nevicky, Nikola"]
[Black "Bernard, Matthias"]
[Result "0-1"]
[BlackElo "1696"]
[WhiteElo "1974"]
[LiveChessVersion "1.4.8"]

1. c4 {[%clk 1:30:52]} e5 {[%clk 1:30:51]} 2. g3 {[%clk 1:31:16]} Nc6
{[%clk 1:30:45]} 3. Bg2 {[%clk 1:31:33]} g6 {[%clk 1:29:57]} 4. Nc3
{[%clk 1:30:52]} Bg7 {[%clk 1:28:12]} 5. e3 {[%clk 1:30:45]} f5 {[%clk 1:23:48]}
6. Nge2 {[%clk 1:30:24]} Nf6 {[%clk 1:21:45]} 7. d4 {[%clk 1:29:07]} exd4
{[%clk 1:16:33]} 8. exd4 {[%clk 1:28:58]} d6 {[%clk 1:14:18]} 9. O-O
{[%clk 1:28:51]} O-O {[%clk 1:12:47]} 10. h3 {[%clk 1:13:23]} Re8
{[%clk 1:04:58]} 11. Be3 {[%clk 1:03:55]} a6 {[%clk 0:54:28]} 12. Nf4
{[%clk 1:02:47]} Bd7 {[%clk 0:50:26]} 13. Rc1 {[%clk 1:02:05]} g5
{[%clk 0:42:56]} 14. Nh5 {[%clk 0:59:55]} Nxh5 {[%clk 0:42:05]} 15. Qxh5
{[%clk 0:59:53]} h6 {[%clk 0:40:36]} 16. Bd5+ {[%clk 0:56:55]} Kh8
{[%clk 0:36:04]} 17. h4 {[%clk 0:36:25]} f4 {[%clk 0:27:58]} 18. gxf4
{[%clk 0:35:09]} gxh4 {[%clk 0:23:58]} 19. Ne4 {[%clk 0:33:33]} Nb4
{[%clk 0:17:37]} 20. Ng5 {[%clk 0:23:28]} Qf6 {[%clk 0:13:20]} 21. Nf7+
{[%clk 0:12:44]} Kh7 {[%clk 0:12:30]} 22. Be4+ {[%clk 0:12:55]} Kg8
{[%clk 0:09:48]} 23. Bg6 {[%clk 0:13:04]} Re7 {[%clk 0:07:14]} 24. Nxh6+
{[%clk 0:12:00]} Bxh6 {[%clk 0:07:08]} 25. Qxh6 {[%clk 0:12:27]} Rg7
{[%clk 0:07:25]} 26. Kh1 {[%clk 0:09:24]} Qxg6 {[%clk 0:07:11]} 27. f5
{[%clk 0:08:07]} Qg2# {[%clk 0:07:24]} 0-1

[Event "MSRCH16"]
[Site "?"]
[Date "2026.04.10"]
[Round "1.12"]
[White "Havir, Adam"]
[Black "Boros, David"]
[Result "1-0"]
[BlackElo "1966"]
[WhiteElo "1695"]
[LiveChessVersion "1.4.8"]

1. e4 {[%clk 1:30:56]} c6 {[%clk 1:30:51]} 2. d4 {[%clk 1:31:20]} d5
{[%clk 1:31:17]} 3. exd5 {[%clk 1:31:47]} cxd5 {[%clk 1:31:37]} 4. Bd3
{[%clk 1:32:11]} Nc6 {[%clk 1:31:04]} 5. c3 {[%clk 1:32:23]} Nf6 {[%clk 1:29:33]}
6. Nf3 {[%clk 1:26:05]} Bg4 {[%clk 1:26:55]} 7. O-O {[%clk 1:24:26]} e6
{[%clk 1:24:29]} 8. Bg5 {[%clk 1:19:24]} Be7 {[%clk 1:21:07]} 9. Nbd2
{[%clk 1:18:22]} O-O {[%clk 1:20:07]} 10. Qc2 {[%clk 1:11:47]} h6
{[%clk 1:15:49]} 11. Bh4 {[%clk 1:04:19]} Rc8 {[%clk 1:15:13]} 12. a3
{[%clk 1:00:52]} Ne8 {[%clk 1:05:46]} 13. Bxe7 {[%clk 0:57:15]} Qxe7
{[%clk 1:05:43]} 14. h3 {[%clk 0:50:03]} Bxf3 {[%clk 1:05:01]} 15. Nxf3
{[%clk 0:50:18]} Nd6 {[%clk 1:05:04]} 16. Qe2 {[%clk 0:42:49]} Rfd8
{[%clk 0:56:40]} 17. Ne5 {[%clk 0:33:30]} Nxe5 {[%clk 0:54:24]} 18. Qxe5
{[%clk 0:32:04]} f6 {[%clk 0:48:08]} 19. Qg3 {[%clk 0:27:19]} e5 {[%clk 0:45:20]}
20. dxe5 {[%clk 0:27:27]} fxe5 {[%clk 0:45:01]} 21. Rfe1 {[%clk 0:24:42]} e4
{[%clk 0:36:49]} 22. Bf1 {[%clk 0:22:11]} Nf5 {[%clk 0:32:22]} 23. Qg4
{[%clk 0:20:04]} Rf8 {[%clk 0:29:25]} 24. c4 {[%clk 0:15:55]} e3 {[%clk 0:25:33]}
25. fxe3 {[%clk 0:12:44]} Nxe3 {[%clk 0:25:31]} 26. Qd4 {[%clk 0:11:32]} Rxf1+
{[%clk 0:16:57]} 27. Rxf1 {[%clk 0:11:50]} Rxc4 {[%clk 0:16:52]} 28. Qd3
{[%clk 0:08:09]} Qc5 {[%clk 0:16:03]} 29. Rf2 {[%clk 0:07:53]} Rc2
{[%clk 0:16:14]} 30. Raf1 {[%clk 0:07:29]} Rxf2 {[%clk 0:07:12]} 31. Rxf2
{[%clk 0:07:01]} d4 {[%clk 0:06:47]} 32. Qb3+ {[%clk 0:01:54]} Kh8
{[%clk 0:05:48]} 33. Qf7 {[%clk 0:01:20]} Qc1+ {[%clk 0:03:34]} 34. Kh2
{[%clk 0:01:20]} d3 {[%clk 0:03:25]} 35. Qe8+ {[%clk 0:01:32]} Kh7
{[%clk 0:03:48]} 36. Qe4+ {[%clk 0:01:50]} Kg8 {[%clk 0:03:52]} 37. Qxd3
{[%clk 0:01:29]} Qc7+ {[%clk 0:02:41]} 38. g3 {[%clk 0:01:31]} Qb6
{[%clk 0:02:50]} 39. Re2 {[%clk 0:00:54]} Nf1+ {[%clk 0:01:43]} 40. Kg2
{[%clk 0:01:05]} Qc6+ {[%clk 0:01:42]} 41. Kxf1 {[%clk 0:01:14]} Qh1+
{[%clk 0:01:39]} 42. Kf2 {[%clk 0:01:33]} Qh2+ {[%clk 0:02:05]} 43. Ke1
{[%clk 0:01:42]} Qg1+ {[%clk 0:02:31]} 44. Kd2 {[%clk 0:02:01]} 1-0

[Event "MSRCH16"]
[Site "?"]
[Date "2026.04.10"]
[Round "1.13"]
[White "Janoska, Peter"]
[Black "Stolar, Matus"]
[Result "1-0"]
[BlackElo "1688"]
[WhiteElo "1953"]
[LiveChessVersion "1.4.8"]

1. e4 {[%clk 1:30:54]} e5 {[%clk 1:30:45]} 2. Nf3 {[%clk 1:31:15]} Nc6
{[%clk 1:31:06]} 3. Bc4 {[%clk 1:31:31]} Bc5 {[%clk 1:31:30]} 4. O-O
{[%clk 1:31:43]} Nf6 {[%clk 1:31:46]} 5. d3 {[%clk 1:31:58]} h6 6. c3
{[%clk 1:30:42]} d6 {[%clk 1:22:55]} 7. b4 {[%clk 1:25:47]} Bb6 {[%clk 1:22:26]}
8. a4 {[%clk 1:25:35]} a6 {[%clk 1:15:27]} 9. Nbd2 {[%clk 1:22:11]} O-O
{[%clk 1:13:03]} 10. Re1 {[%clk 1:16:16]} Re8 {[%clk 1:07:34]} 11. h3
{[%clk 1:04:43]} Be6 {[%clk 1:01:41]} 12. Bxe6 {[%clk 0:55:35]} Rxe6
{[%clk 1:01:38]} 13. Nc4 {[%clk 0:52:22]} Ba7 {[%clk 0:58:32]} 14. Qb3
{[%clk 0:45:51]} b5 {[%clk 0:48:47]} 15. Ne3 {[%clk 0:42:08]} Ne7
{[%clk 0:41:54]} 16. Re2 {[%clk 0:36:07]} Bb6 {[%clk 0:31:42]} 17. axb5
{[%clk 0:30:26]} axb5 {[%clk 0:30:50]} 18. Rxa8 {[%clk 0:29:51]} Qxa8
{[%clk 0:31:08]} 19. Ra2 {[%clk 0:29:29]} Qb7 {[%clk 0:30:10]} 20. Re2
{[%clk 0:21:58]} Nh5 {[%clk 0:28:35]} 21. Nd5 {[%clk 0:20:45]} Nxd5
{[%clk 0:27:47]} 22. exd5 {[%clk 0:21:03]} Rf6 {[%clk 0:27:21]} 23. d4
{[%clk 0:15:14]} Nf4 {[%clk 0:19:33]} 24. Bxf4 {[%clk 0:15:23]} exf4
{[%clk 0:19:41]} 25. Re8+ Kh7 {[%clk 0:19:54]} 26. Qc2+ {[%clk 0:13:01]} g6
{[%clk 0:16:57]} 27. Qe4 {[%clk 0:12:30]} Rf5 {[%clk 0:05:42]} 28. Qe7
{[%clk 0:04:08]} g5 {[%clk 0:04:32]} 29. Qf8 {[%clk 0:04:09]} Kg6
{[%clk 0:04:19]} 30. Nh4+ {[%clk 0:03:50]} gxh4 {[%clk 0:03:50]} 31. Qg8+
{[%clk 0:03:43]} Kf6 {[%clk 0:02:56]} 32. Qh8+ {[%clk 0:03:46]} Kg6
{[%clk 0:02:02]} 33. Rg8+ {[%clk 0:04:00]} Kh5 {[%clk 0:02:26]} 34. Qg7
{[%clk 0:04:11]} 1-0

[Event "MSRCH16"]
[Site "?"]
[Date "2026.04.10"]
[Round "1.14"]
[White "Vanco, Simon"]
[Black "Mrazik, Lukas"]
[Result "1/2-1/2"]
[BlackElo "1929"]
[WhiteElo "1681"]
[LiveChessVersion "1.4.8"]

1. d4 {[%clk 1:30:56]} e6 {[%clk 1:30:41]} 2. c4 {[%clk 1:31:16]} b6
{[%clk 1:30:29]} 3. Nf3 {[%clk 1:29:24]} Bb7 {[%clk 1:30:49]} 4. g3
{[%clk 1:29:39]} f5 {[%clk 1:30:53]} 5. Bg2 {[%clk 1:29:11]} Bb4+
{[%clk 1:26:33]} 6. Bd2 {[%clk 1:29:27]} Bxd2+ {[%clk 1:26:54]} 7. Nbxd2
{[%clk 1:28:53]} Nf6 {[%clk 1:27:12]} 8. O-O {[%clk 1:28:30]} O-O
{[%clk 1:27:29]} 9. Qc2 {[%clk 1:26:23]} Nc6 {[%clk 1:21:58]} 10. a3
{[%clk 1:20:50]} Qe8 {[%clk 1:14:07]} 11. b4 {[%clk 1:07:16]} a5 {[%clk 1:14:06]}
12. Qb2 {[%clk 1:02:38]} axb4 {[%clk 1:03:11]} 13. axb4 {[%clk 1:03:00]} Qe7
{[%clk 1:03:25]} 14. Ne5 {[%clk 0:54:09]} d5 {[%clk 0:54:02]} 15. Nxc6
{[%clk 0:47:16]} Bxc6 {[%clk 0:54:17]} 16. c5 {[%clk 0:46:15]} Bb5
{[%clk 0:50:55]} 17. Nf3 {[%clk 0:42:34]} Nd7 {[%clk 0:39:29]} 18. Ra3
{[%clk 0:37:51]} Rfb8 {[%clk 0:26:06]} 19. Rfa1 {[%clk 0:34:37]} Qd8
{[%clk 0:24:32]} 20. Qd2 {[%clk 0:24:14]} Rxa3 {[%clk 0:14:09]} 21. Rxa3
{[%clk 0:24:37]} Ra8 {[%clk 0:14:12]} 22. Re3 {[%clk 0:22:54]} Nf8
{[%clk 0:13:41]} 23. h3 {[%clk 0:19:28]} Ra4 {[%clk 0:11:14]} 24. Re5
{[%clk 0:19:28]} h6 {[%clk 0:11:14]} 25. Ne1 {[%clk 0:11:50]} Bc4
{[%clk 0:10:33]} 26. Nc2 {[%clk 0:11:50]} Ra2 {[%clk 0:10:33]} 27. Qc3
{[%clk 0:10:54]} Qd7 {[%clk 0:08:57]} 28. Na3 {[%clk 0:09:21]} Bxe2
{[%clk 0:05:29]} 29. Qb3 {[%clk 0:02:34]} Rd2 {[%clk 0:02:33]} 30. Qc3
{[%clk 0:02:34]} Rd3 {[%clk 0:02:30]} 31. Qb2 {[%clk 0:01:09]} Qa4
{[%clk 0:01:35]} 32. Qxe2 {[%clk 0:01:09]} Rxa3 {[%clk 0:01:17]} 33. Rxe6
{[%clk 0:00:59]} Nxe6 {[%clk 0:00:43]} 34. Qxe6+ {[%clk 0:01:24]} Kh8
{[%clk 0:00:47]} 35. Qc8+ {[%clk 0:01:37]} Kh7 {[%clk 0:00:44]} 36. Qxf5+
{[%clk 0:01:57]} Kh8 {[%clk 0:01:07]} 37. Qf8+ {[%clk 0:02:14]} 1/2-1/2

[Event "MSRCH16"]
[Site "?"]
[Date "2026.04.10"]
[Round "1.15"]
[White "Sekera, Timotej"]
[Black "Sykora, Miro"]
[Result "1-0"]
[BlackElo "1671"]
[WhiteElo "1916"]
[LiveChessVersion "1.4.8"]

1. f4 {[%clk 1:30:56]} d5 {[%clk 1:30:03]} 2. Nf3 {[%clk 1:31:15]} Nf6
{[%clk 1:28:55]} 3. e3 {[%clk 1:31:35]} Bf5 {[%clk 1:28:08]} 4. b3
{[%clk 1:31:23]} Nbd7 {[%clk 1:27:15]} 5. Bb2 {[%clk 1:28:37]} e6
{[%clk 1:27:05]} 6. d3 {[%clk 1:27:52]} h6 {[%clk 1:24:42]} 7. Nbd2
{[%clk 1:27:36]} c6 {[%clk 1:19:01]} 8. Ne5 {[%clk 1:25:47]} Nxe5
{[%clk 1:17:20]} 9. fxe5 {[%clk 1:25:43]} Nd7 {[%clk 1:14:09]} 10. Qf3
{[%clk 1:23:08]} Qh4+ {[%clk 1:06:30]} 11. g3 {[%clk 1:22:26]} Qg4
{[%clk 1:06:28]} 12. Be2 {[%clk 1:19:59]} Qxf3 {[%clk 1:01:44]} 13. Bxf3
{[%clk 1:20:20]} Bb4 {[%clk 1:01:29]} 14. O-O-O {[%clk 1:18:32]} Bxd2+
{[%clk 0:59:54]} 15. Rxd2 {[%clk 1:17:48]} Nc5 {[%clk 0:57:07]} 16. Rf1
{[%clk 1:13:25]} O-O-O {[%clk 0:53:10]} 17. g4 {[%clk 1:09:29]} Bg6
{[%clk 0:52:59]} 18. h4 {[%clk 1:07:30]} Rhf8 {[%clk 0:47:08]} 19. Ba3
{[%clk 1:06:29]} b6 {[%clk 0:40:55]} 20. d4 {[%clk 1:06:38]} Ne4 {[%clk 0:40:37]}
21. Bxe4 {[%clk 1:06:59]} Bxe4 {[%clk 0:40:58]} 22. Bxf8 {[%clk 1:07:19]} Rxf8
{[%clk 0:41:16]} 23. Rdf2 {[%clk 1:07:00]} g6 {[%clk 0:34:45]} 24. Rxf7
{[%clk 1:02:50]} Rxf7 {[%clk 0:34:47]} 25. Rxf7 {[%clk 1:03:11]} h5
{[%clk 0:35:02]} 26. gxh5 {[%clk 1:03:19]} gxh5 {[%clk 0:35:24]} 27. Rxa7
{[%clk 1:03:39]} Bf3 {[%clk 0:34:57]} 28. Kd2 {[%clk 1:03:19]} Kb8
{[%clk 0:32:53]} 29. Rg7 {[%clk 1:03:31]} Be4 {[%clk 0:32:25]} 30. c3
{[%clk 1:03:46]} b5 {[%clk 0:32:16]} 31. a4 {[%clk 1:03:42]} 1-0

[Event "MSRCH16"]
[Site "?"]
[Date "2026.04.10"]
[Round "1.16"]
[White "Zaborsky, Richard"]
[Black "Livnansky, Michal"]
[Result "1-0"]
[BlackElo "1910"]
[WhiteElo "1662"]
[LiveChessVersion "1.4.8"]

1. e4 {[%clk 1:30:56]} c5 {[%clk 1:30:56]} 2. Nf3 {[%clk 1:31:22]} d6
{[%clk 1:31:18]} 3. Bb5+ {[%clk 1:31:48]} Bd7 {[%clk 1:31:40]} 4. Bxd7+
{[%clk 1:32:13]} Qxd7 {[%clk 1:32:07]} 5. d3 {[%clk 1:32:29]} Nc6
{[%clk 1:32:26]} 6. Nc3 {[%clk 1:32:37]} g6 {[%clk 1:32:28]} 7. O-O
{[%clk 1:32:47]} Bg7 {[%clk 1:32:55]} 8. Rb1 {[%clk 1:32:35]} e6 {[%clk 1:32:28]}
9. Re1 {[%clk 1:30:51]} Nge7 {[%clk 1:32:31]} 10. Be3 {[%clk 1:29:40]} O-O
{[%clk 1:31:48]} 11. d4 {[%clk 1:27:56]} cxd4 {[%clk 1:31:40]} 12. Nxd4
{[%clk 1:28:17]} a6 {[%clk 1:30:02]} 13. Qd2 {[%clk 1:25:21]} Rac8
{[%clk 1:28:50]} 14. Red1 {[%clk 1:24:06]} Ne5 {[%clk 1:22:32]} 15. b3
{[%clk 1:11:59]} N7c6 {[%clk 1:15:03]} 16. Na4 {[%clk 1:09:52]} Nxd4
{[%clk 1:09:07]} 17. Bxd4 {[%clk 1:06:54]} Qc6 {[%clk 1:05:52]} 18. f4
{[%clk 1:02:53]} Bh6 {[%clk 0:47:54]} 19. Qf2 {[%clk 0:58:32]} Nd7
{[%clk 0:42:31]} 20. Qh4 {[%clk 0:51:24]} Bg7 {[%clk 0:40:23]} 21. Bxg7
{[%clk 0:51:13]} Kxg7 {[%clk 0:40:51]} 22. f5 {[%clk 0:50:37]} exf5
{[%clk 0:39:17]} 23. exf5 {[%clk 0:50:42]} Qxc2 {[%clk 0:37:57]} 24. Qd4+
{[%clk 0:48:43]} Ne5 {[%clk 0:24:58]} 25. f6+ {[%clk 0:42:16]} Kh8
{[%clk 0:24:02]} 26. Qxd6 {[%clk 0:40:51]} Nc6 {[%clk 0:09:27]} 27. Qf4
{[%clk 0:32:06]} Qxa2 {[%clk 0:07:24]} 28. Qh6 {[%clk 0:32:28]} Rg8
{[%clk 0:07:49]} 29. Rb2 {[%clk 0:21:17]} Qa3 {[%clk 0:08:15]} 30. Rd7
{[%clk 0:16:21]} Qa1+ {[%clk 0:07:23]} 31. Kf2 {[%clk 0:16:27]} Ne5
{[%clk 0:07:49]} 32. Rd4 {[%clk 0:14:31]} b5 {[%clk 0:05:15]} 33. Qxh7+
{[%clk 0:14:31]} 1-0

[Event "MSRCH16"]
[Site "?"]
[Date "2026.04.10"]
[Round "1.17"]
[White "Binovec, Lukas"]
[Black "Slivka, Martin"]
[Result "1-0"]
[BlackElo "1657"]
[WhiteElo "1858"]
[LiveChessVersion "1.4.8"]

1. Nf3 {[%clk 1:30:58]} d5 {[%clk 1:30:55]} 2. d4 {[%clk 1:31:23]} Nf6
{[%clk 1:30:52]} 3. c4 {[%clk 1:31:28]} e6 {[%clk 1:29:46]} 4. Nc3
{[%clk 1:31:49]} b6 {[%clk 1:24:04]} 5. e3 {[%clk 1:29:56]} Bb7 {[%clk 1:24:09]}
6. b3 {[%clk 1:27:31]} Bb4 {[%clk 1:16:59]} 7. Bb2 {[%clk 1:26:39]} Ne4
{[%clk 1:16:11]} 8. Rc1 {[%clk 1:25:34]} O-O {[%clk 1:13:25]} 9. Be2
{[%clk 1:24:14]} Nd7 {[%clk 1:09:24]} 10. O-O {[%clk 1:24:08]} Nxc3
{[%clk 1:08:09]} 11. Bxc3 {[%clk 1:24:24]} Bxc3 {[%clk 1:08:13]} 12. Rxc3
{[%clk 1:24:47]} Nf6 {[%clk 1:08:07]} 13. Ne5 {[%clk 1:21:23]} Rc8
{[%clk 1:00:54]} 14. c5 {[%clk 1:04:09]} c6 {[%clk 0:34:30]} 15. b4
{[%clk 0:51:21]} a5 {[%clk 0:27:08]} 16. bxa5 {[%clk 0:39:32]} bxa5
{[%clk 0:24:07]} 17. Rb3 {[%clk 0:32:35]} Qc7 {[%clk 0:20:57]} 18. Rb6
{[%clk 0:25:12]} Nd7 {[%clk 0:18:26]} 19. Nxd7 {[%clk 0:25:10]} Qxd7
{[%clk 0:18:53]} 20. Qa4 {[%clk 0:24:22]} Ra8 {[%clk 0:17:59]} 21. Rfb1
{[%clk 0:23:19]} Rfb8 {[%clk 0:16:28]} 22. Qb3 {[%clk 0:15:29]} Ra7
{[%clk 0:16:16]} 23. Ba6 {[%clk 0:13:36]} Rxa6 {[%clk 0:16:06]} 24. Rxa6
{[%clk 0:13:56]} Bxa6 {[%clk 0:16:16]} 25. Qxb8+ {[%clk 0:14:20]} Bc8
{[%clk 0:16:22]} 26. Qa8 {[%clk 0:14:19]} 1-0

[Event "MSRCH16"]
[Site "?"]
[Date "2026.04.10"]
[Round "1.18"]
[White "Lukianov, Mykhailo"]
[Black "Bartelt, Tobias"]
[Result "0-1"]
[BlackElo "1830"]
[WhiteElo "1652"]
[LiveChessVersion "1.4.8"]

1. d4 {[%clk 1:30:51]} d5 {[%clk 1:30:18]} 2. c4 {[%clk 1:31:13]} e6
{[%clk 1:30:39]} 3. cxd5 {[%clk 1:31:38]} exd5 {[%clk 1:31:05]} 4. Nc3
{[%clk 1:31:59]} c6 {[%clk 1:31:14]} 5. Qc2 {[%clk 1:32:03]} Nf6 {[%clk 1:30:18]}
6. Bg5 {[%clk 1:32:25]} Be7 {[%clk 1:25:39]} 7. e3 {[%clk 1:32:49]} h6
{[%clk 1:24:30]} 8. Bh4 {[%clk 1:33:13]} Nbd7 {[%clk 1:21:36]} 9. Bd3
{[%clk 1:33:37]} O-O {[%clk 1:19:29]} 10. Nge2 {[%clk 1:34:02]} Re8
{[%clk 1:17:31]} 11. a3 {[%clk 1:32:04]} Ng4 {[%clk 1:08:23]} 12. Bg3
{[%clk 1:24:56]} Bh4 {[%clk 1:03:25]} 13. O-O {[%clk 1:17:25]} Bxg3
{[%clk 1:03:29]} 14. Nxg3 {[%clk 1:17:24]} Qh4 {[%clk 1:03:42]} 15. h3
{[%clk 1:16:14]} Nxe3 {[%clk 0:58:46]} 16. fxe3 {[%clk 1:16:40]} Qxg3
{[%clk 0:59:05]} 17. Rf3 {[%clk 1:16:49]} Qh4 {[%clk 0:58:50]} 18. Bh7+
{[%clk 1:12:00]} Kf8 {[%clk 0:55:20]} 19. Raf1 {[%clk 0:59:14]} Nf6
{[%clk 0:54:27]} 20. Kh1 {[%clk 0:45:21]} Be6 {[%clk 0:46:38]} 21. Bf5
{[%clk 0:41:55]} Bxf5 {[%clk 0:45:03]} 22. Qxf5 {[%clk 0:39:18]} Qg5
{[%clk 0:42:15]} 23. Qxg5 {[%clk 0:39:12]} hxg5 {[%clk 0:42:42]} 24. g4
{[%clk 0:39:01]} Re7 {[%clk 0:42:29]} 25. Kg2 {[%clk 0:39:00]} Rae8
{[%clk 0:42:17]} 26. Kf2 {[%clk 0:38:01]} Ne4+ {[%clk 0:41:53]} 27. Nxe4
{[%clk 0:38:22]} Rxe4 {[%clk 0:42:11]} 28. Ke2 {[%clk 0:38:41]} f6
{[%clk 0:42:25]} 29. Kd3 {[%clk 0:37:54]} Ke7 {[%clk 0:41:49]} 30. b4
{[%clk 0:38:07]} Kd6 {[%clk 0:39:31]} 31. Rc1 {[%clk 0:35:50]} b6
{[%clk 0:37:55]} 32. Rc2 {[%clk 0:33:36]} Rc8 {[%clk 0:36:09]} 33. Rf1
{[%clk 0:33:33]} c5 {[%clk 0:35:15]} 34. bxc5+ {[%clk 0:33:48]} bxc5
{[%clk 0:35:40]} 35. dxc5+ {[%clk 0:30:55]} Rxc5 {[%clk 0:36:07]} 36. Rxc5
{[%clk 0:28:12]} Kxc5 {[%clk 0:36:21]} 37. Rc1+ {[%clk 0:28:09]} Rc4
{[%clk 0:32:02]} 38. Rb1 {[%clk 0:27:57]} Ra4 {[%clk 0:32:21]} 39. Rb3
{[%clk 0:28:15]} g6 {[%clk 0:32:36]} 40. Rc3+ {[%clk 0:24:05]} Kd6
{[%clk 0:31:48]} 41. Ke2 {[%clk 0:23:26]} Ke5 {[%clk 0:29:56]} 42. Kf3
{[%clk 0:23:38]} f5 {[%clk 0:24:57]} 43. Rb3 {[%clk 0:22:59]} Ra6
{[%clk 0:25:07]} 44. Rd3 {[%clk 0:22:44]} Kd6 {[%clk 0:23:04]} 45. Rc3
{[%clk 0:22:31]} Ra5 {[%clk 0:22:43]} 46. Ke2 {[%clk 0:21:45]} Ra4
{[%clk 0:21:56]} 47. Kf3 {[%clk 0:21:22]} a6 {[%clk 0:21:46]} 48. Rb3
{[%clk 0:20:08]} Kc5 {[%clk 0:22:01]} 49. Rc3+ {[%clk 0:20:17]} Kb5
{[%clk 0:22:14]} 50. Rd3 {[%clk 0:19:55]} Kc5 {[%clk 0:18:52]} 51. Rc3+
{[%clk 0:19:55]} Kd6 {[%clk 0:19:13]} 52. Rd3 {[%clk 0:19:11]} Ke5
{[%clk 0:19:28]} 53. Rb3 {[%clk 0:19:24]} f4 {[%clk 0:19:41]} 54. Rd3
{[%clk 0:19:24]} Re4 {[%clk 0:19:38]} 55. Rb3 {[%clk 0:18:05]} Rxe3+
{[%clk 0:19:16]} 56. Rxe3+ {[%clk 0:18:22]} fxe3 {[%clk 0:19:44]} 57. Kxe3
{[%clk 0:18:34]} d4+ {[%clk 0:20:08]} 58. Kd3 {[%clk 0:18:32]} Kd5
{[%clk 0:20:23]} 59. a4 {[%clk 0:16:37]} a5 {[%clk 0:20:43]} 0-1

[Event "MSRCH16"]
[Site "?"]
[Date "2026.04.10"]
[Round "1.19"]
[White "Boba, Kristian"]
[Black "Bebko, Alex"]
[Result "1/2-1/2"]
[BlackElo "1641"]
[WhiteElo "1826"]
[LiveChessVersion "1.4.8"]

1. e4 {[%clk 1:30:51]} c5 {[%clk 1:30:55]} 2. Nf3 {[%clk 1:31:10]} d6
{[%clk 1:31:19]} 3. d4 {[%clk 1:31:30]} cxd4 {[%clk 1:31:44]} 4. Nxd4
{[%clk 1:31:38]} Nf6 {[%clk 1:32:05]} 5. Nc3 {[%clk 1:31:33]} a6 {[%clk 1:32:25]}
6. h3 {[%clk 1:30:29]} e5 {[%clk 1:31:41]} 7. Nf3 {[%clk 1:29:30]} Be6
{[%clk 1:31:29]} 8. Bd3 {[%clk 1:27:11]} Be7 {[%clk 1:29:35]} 9. O-O
{[%clk 1:26:28]} O-O {[%clk 1:29:45]} 10. Be3 {[%clk 1:25:14]} h6
{[%clk 1:26:59]} 11. Ne2 {[%clk 1:18:05]} Nbd7 {[%clk 1:19:25]} 12. c4
{[%clk 1:16:00]} Rc8 {[%clk 1:17:07]} 13. b3 {[%clk 1:14:46]} Nc5
{[%clk 1:11:48]} 14. Bxc5 {[%clk 1:12:22]} Rxc5 {[%clk 1:10:52]} 15. Nc3
{[%clk 1:07:48]} b5 {[%clk 0:46:24]} 16. Qe2 {[%clk 1:02:40]} Qa5
{[%clk 0:37:50]} 17. Rfc1 {[%clk 0:42:09]} Rfc8 {[%clk 0:34:07]} 18. Nd1
{[%clk 0:30:15]} bxc4 {[%clk 0:23:10]} 19. bxc4 {[%clk 0:29:34]} Nd7
{[%clk 0:22:34]} 20. Ne3 {[%clk 0:29:27]} Nb6 {[%clk 0:22:41]} 21. Nd2
{[%clk 0:29:10]} Bg5 {[%clk 0:20:39]} 22. Nb3 {[%clk 0:28:00]} Qa3
{[%clk 0:19:42]} 23. Nxc5 {[%clk 0:28:12]} Rxc5 {[%clk 0:20:04]} 24. Rc2
{[%clk 0:16:49]} Bxe3 {[%clk 0:17:28]} 25. Qxe3 {[%clk 0:17:00]} Nxc4
{[%clk 0:16:09]} 26. Bxc4 {[%clk 0:17:16]} Qxe3 {[%clk 0:16:35]} 27. fxe3
{[%clk 0:17:37]} Rxc4 {[%clk 0:16:31]} 28. Rxc4 {[%clk 0:17:54]} Bxc4
{[%clk 0:16:57]} 29. a3 {[%clk 0:17:51]} Kf8 {[%clk 0:16:00]} 30. Rc1
{[%clk 0:17:42]} Bb5 {[%clk 0:16:17]} 31. Kf2 {[%clk 0:15:46]} Ke7
{[%clk 0:16:35]} 32. g3 {[%clk 0:14:40]} Kd7 {[%clk 0:15:43]} 33. Rc3
{[%clk 0:13:53]} g6 {[%clk 0:14:51]} 34. g4 {[%clk 0:13:57]} Kd8 {[%clk 0:09:22]}
35. h4 {[%clk 0:11:58]} Kd7 {[%clk 0:05:52]} 36. Kg3 {[%clk 0:06:37]} Kd8
{[%clk 0:05:42]} 37. g5 {[%clk 0:06:50]} hxg5 {[%clk 0:05:01]} 38. hxg5
{[%clk 0:07:13]} Kd7 {[%clk 0:05:20]} 39. Kf2 {[%clk 0:06:39]} Kd8
{[%clk 0:05:41]} 40. Ke1 {[%clk 0:06:49]} Kd7 {[%clk 0:05:39]} 41. Kd2
{[%clk 0:07:13]} Bc6 {[%clk 0:03:11]} 42. Rc4 {[%clk 0:06:21]} Bb5
{[%clk 0:01:47]} 43. Rb4 {[%clk 0:06:27]} Bc6 {[%clk 0:29:57]} 44. Kc3
{[%clk 0:29:46]} Kc7 {[%clk 0:28:05]} 45. a4 {[%clk 0:22:30]} Kc8
{[%clk 0:24:44]} 46. a5 {[%clk 0:22:36]} Kc7 {[%clk 0:15:38]} 47. Rb6
{[%clk 0:20:22]} Bb5 {[%clk 0:15:12]} 48. Kb4 {[%clk 0:20:18]} Bf1
{[%clk 0:14:20]} 49. Kc3 {[%clk 0:19:41]} Bb5 {[%clk 0:14:26]} 50. Kb4
{[%clk 0:18:04]} Bf1 {[%clk 0:14:47]} 51. Ka4 {[%clk 0:18:02]} Be2
{[%clk 0:13:41]} 52. Rb2 {[%clk 0:17:49]} Bg4 {[%clk 0:10:01]} 53. Rf2
{[%clk 0:15:38]} Bd7+ {[%clk 0:09:51]} 54. Kb4 {[%clk 0:15:29]} Be6
{[%clk 0:10:12]} 55. Kc3 {[%clk 0:14:53]} Kd7 {[%clk 0:08:49]} 56. Rb2
{[%clk 0:14:30]} Bh3 {[%clk 0:08:22]} 57. Rb7+ {[%clk 0:14:14]} Ke6
{[%clk 0:08:27]} 58. Rb2 {[%clk 0:11:28]} Bf1 {[%clk 0:08:12]} 59. Rf2
{[%clk 0:10:07]} 1/2-1/2

[Event "MSRCH16"]
[Site "?"]
[Date "2026.04.10"]
[Round "1.20"]
[White "Artner, Jakub"]
[Black "Holecko, Samuel"]
[Result "0-1"]
[BlackElo "1812"]
[WhiteElo "1629"]
[LiveChessVersion "1.4.8"]

1. d4 {[%clk 1:30:44]} Nf6 {[%clk 1:30:26]} 2. c4 {[%clk 1:31:07]} e6
{[%clk 1:30:51]} 3. Nf3 {[%clk 1:30:31]} d5 {[%clk 1:30:55]} 4. e3
{[%clk 1:29:53]} Be7 {[%clk 1:30:24]} 5. Nc3 {[%clk 1:29:47]} O-O
{[%clk 1:29:30]} 6. Be2 {[%clk 1:29:28]} b6 {[%clk 1:27:11]} 7. O-O
{[%clk 1:28:18]} Bb7 {[%clk 1:26:38]} 8. a3 {[%clk 1:23:36]} c5 {[%clk 1:11:37]}
9. cxd5 {[%clk 1:14:09]} exd5 {[%clk 1:06:58]} 10. Qc2 {[%clk 1:06:31]} Re8
{[%clk 0:54:26]} 11. Rd1 {[%clk 0:49:56]} Nbd7 {[%clk 0:47:21]} 12. Ne5
{[%clk 0:33:30]} a6 {[%clk 0:32:53]} 13. Bf3 {[%clk 0:29:39]} Bd6
{[%clk 0:27:49]} 14. Nxd7 {[%clk 0:25:58]} Qxd7 {[%clk 0:28:13]} 15. Qb3
{[%clk 0:20:36]} c4 {[%clk 0:17:37]} 16. Qxb6 {[%clk 0:13:31]} a5
{[%clk 0:17:53]} 17. Nb5 {[%clk 0:12:55]} Ra6 {[%clk 0:18:04]} 18. Nxd6
{[%clk 0:12:26]} Rxb6 {[%clk 0:18:19]} 0-1